A est del blu
Guardat en:
| Autor principal: | |
|---|---|
| Altres autors: | , , , |
| Format: | Llibre |
| Idioma: | anglès |
| Publicat: |
Indipendente
2021
|
| Etiquetes: |
Sense etiquetes, Sigues el primer a etiquetar aquest registre!
|
MARC
| LEADER | 00000nam a2200000 4500 | ||
|---|---|---|---|
| 005 | 20241009165401.0 | ||
| 008 | 241009b |||||||| |||| 00| 0 eng d | ||
| 020 | |a 9798475618035 | ||
| 040 | |c GP | ||
| 100 | |a Longoni, Angelo | ||
| 245 | |a A est del blu | ||
| 260 | |b Indipendente |c 2021 | ||
| 700 | |a Casini, Bruno | ||
| 700 | |a Cerasola, Christiano | ||
| 700 | |a Ghiglino, Damiano Dario | ||
| 700 | |a Colombo, Rosa Elena | ||
| 942 | |2 ddc |c BK |n 0 | ||
| 952 | |0 0 |1 0 |2 ddc |4 0 |6 853_914000000000000_AUT |7 1 |9 2079 |a RM |b RM |d 2024-10-09 |l 0 |o 853 914 AUT |p 824 |r 2024-10-09 16:54:18 |w 2024-10-09 |y BK | ||
| 999 | |c 1819 |d 1819 | ||